<?xml version="1.0" encoding="UTF-8"?><?xml-stylesheet type="text/xsl" href="static/style.xsl"?><OAI-PMH xmlns="http://www.openarchives.org/OAI/2.0/" xmlns:xsi="http://www.w3.org/2001/XMLSchema-instance" xsi:schemaLocation="http://www.openarchives.org/OAI/2.0/ http://www.openarchives.org/OAI/2.0/OAI-PMH.xsd"><responseDate>2026-06-03T23:21:58Z</responseDate><request verb="GetRecord" identifier="oai:riuma.uma.es:10630/28530" metadataPrefix="marc">https://riuma.uma.es/rest/oai/request</request><GetRecord><record><header><identifier>oai:riuma.uma.es:10630/28530</identifier><datestamp>2026-02-03T11:38:09Z</datestamp><setSpec>com_10630_2254</setSpec><setSpec>col_10630_37956</setSpec></header><metadata><record xmlns="http://www.loc.gov/MARC21/slim" xmlns:dcterms="http://purl.org/dc/terms/" xmlns:doc="http://www.lyncode.com/xoai" xmlns:xsi="http://www.w3.org/2001/XMLSchema-instance" xsi:schemaLocation="http://www.loc.gov/MARC21/slim http://www.loc.gov/standards/marcxml/schema/MARC21slim.xsd">
   <leader>00925njm 22002777a 4500</leader>
   <datafield ind2=" " ind1=" " tag="042">
      <subfield code="a">dc</subfield>
   </datafield>
   <datafield ind2=" " ind1=" " tag="720">
      <subfield code="a">Rodríguez-Ortega, Nuria</subfield>
      <subfield code="e">author</subfield>
   </datafield>
   <datafield ind2=" " ind1=" " tag="260">
      <subfield code="c">2020</subfield>
   </datafield>
   <datafield ind2=" " ind1=" " tag="520">
      <subfield code="a">Art history is, to a large extent, the history of the forms and systems of production and circulation of images of cultural artifacts. If reader also consider that one of the central discourses of art history has made visual matter a primary subject of study, and, consequently, that vision has become one of the main cognitive mechanisms of art historians, it is easy to understand why one of the hopes for the field resides in image processing and computer vision technologies. Beyond these computer-aided practices, the introduction of image processing technologies in art history also enables reader to address issues that are part of the intellectual and critical concerns of the discipline and that are not alien to the methodologies that have guided the analysis of images since the early nineteenth century. Along with new research opportunities, the introduction of image processing algorithms and computer vision techniques entails significant intellectual challenges for art historians.</subfield>
   </datafield>
   <datafield ind1="8" ind2=" " tag="024">
      <subfield code="a">Rodríguez Ortega, Nuria. «Image Processing and Computer Vision in the Field of Art History: Overview, Challenges and Critical Inquiries», en Brown, Kathrin. Routledge Companion to Digital Humanities and Art History. London: Routledge, pp. 338-357, 2020.</subfield>
   </datafield>
   <datafield ind1="8" ind2=" " tag="024">
      <subfield code="a">9781138585584</subfield>
   </datafield>
   <datafield ind1="8" ind2=" " tag="024">
      <subfield code="a">https://hdl.handle.net/10630/28530</subfield>
   </datafield>
   <datafield ind1="8" ind2=" " tag="024">
      <subfield code="a">10.4324/9780429505188</subfield>
   </datafield>
   <datafield ind1="8" ind2=" " tag="024">
      <subfield code="a">10.5281/zenodo.10440125</subfield>
   </datafield>
   <datafield tag="653" ind2=" " ind1=" ">
      <subfield code="a">Arte - Historia - Nuevas tecnologías</subfield>
   </datafield>
   <datafield tag="653" ind2=" " ind1=" ">
      <subfield code="a">Procesado de imágenes</subfield>
   </datafield>
   <datafield ind2="0" ind1="0" tag="245">
      <subfield code="a">Image Processing and Computer Vision in the Field of Art History: Overview, Challenges and Critical Inquiries.</subfield>
   </datafield>
</record>
</metadata></record></GetRecord></OAI-PMH>